Guess the Ariana Grande song - Statistics

General Stats
  • This quiz has been taken 225 times
  • The average score is 212 of 384
Answer Stats
Lyrics % Correct
I
98%
you
92%
you,
92%
a
90%
love?
86%
love
86%
me
85%
the
85%
do
79%
we
75%
When
74%
on
73%
be
72%
in?
71%
in
71%
so
70%
So
70%
go
68%
my
68%
And
66%
and
66%
Then
63%
Why
63%
why
63%
are
62%
Baby,
62%
know
62%
time
62%
don't
60%
How
60%
I'm
60%
i'm
60%
want
59%
not
58%
all
57%
what
57%
with
57%
You're
56%
you're
56%
feel
55%
make
55%
up
55%
way
55%
every
54%
see
53%
there?
53%
there
53%
'Cause
52%
even
51%
just
51%
Just
51%
Oh,
51%
tell
51%
we're
51%
into
50%
care?
49%
for
49%
break
48%
of
48%
Take
48%
really
47%
say
47%
come
45%
fall
45%
wanna
45%
it's
44%
It's
44%
ring?
43%
Ain't
41%
ain't
41%
phone
41%
around
40%
night
40%
skin?
40%
gonna
39%
let's
39%
coming
38%
nobody
38%
places
38%
zone
38%
breath?
37%
touch it,
37%
touch it
37%
remember
36%
both
35%
being
34%
danger
34%
insane
34%
tired
34%
behave
33%
forget?
32%
forget
32%
pick
32%
taking
32%
breathing
30%
face
30%
holding
30%
obviously
30%
pace
29%
patient,
28%
Remind
28%
(mmm)
18%
oh-oh
12%
(Ay)
10%
(no-oh)
5%
(ooh-ooh)
5%
(Hey, yeah, mm)
3%
(uh, yeah)
3%
(oh, no, ay)
2%
No matching quizzes found
Score Distribution
Percent of People with Each Score
Percentile by Number Answered
Your Score History
You have not taken this quiz